000 00414nam a2200169Ia 4500
005 20140403142413.0
008 140130s9999 xx 000 0 und d
050 _aPZ 7
_b.K69Cap 2006
245 _cKnife & Packer
_aCaptain Fact Dinosaur Adventure
260 _bScholastic,
_c2004
300 _a102 p. :
_c21 cm.
440 _v1
_931174
521 _aG5
526 _c750
942 _cBK
_2lcc
999 _c41084
_d41084